Mechanical Reliability and Design / (Record no. 11886)
[ view plain ]
| 000 -LEADER | |
|---|---|
| fixed length control field | 00716nam a22001817a 4500 |
| 008 - FIXED-LENGTH DATA ELEMENTS--GENERAL INFORMATION | |
| fixed length control field | 090618t xxu||||| |||| 00| 0 eng d |
| 020 ## - INTERNATIONAL STANDARD BOOK NUMBER | |
| International Standard Book Number | 0333694651 |
| 082 ## - DEWEY DECIMAL CLASSIFICATION NUMBER | |
| Edition number | 21 |
| Classification number | 620.00452 |
| Item number | CAR |
| 100 ## - MAIN ENTRY--PERSONAL NAME | |
| Personal name | Carter, A. D. S. |
| Fuller form of name | (Alfred Denis Snowden) |
| 9 (RLIN) | 6421 |
| 245 ## - TITLE STATEMENT | |
| Title | Mechanical Reliability and Design / |
| Statement of responsibility, etc | A.D.S. Carter. |
| 260 ## - PUBLICATION, DISTRIBUTION, ETC. (IMPRINT) | |
| Place of publication, distribution, etc | Basingstoke : |
| Name of publisher, distributor, etc | Macmillan, |
| Date of publication, distribution, etc | c1997. |
| 300 ## - PHYSICAL DESCRIPTION | |
| Extent | xv, 199p. : |
| Other physical details | ill. ; |
| Dimensions | 25cm. |
| 504 ## - BIBLIOGRAPHY, ETC. NOTE | |
| Bibliography, etc | Includes bibliographical references and index. |
| 650 ## - SUBJECT ADDED ENTRY--TOPICAL TERM | |
| Topical term or geographic name as entry element | Machine design. |
| 9 (RLIN) | 6422 |
| 650 ## - SUBJECT ADDED ENTRY--TOPICAL TERM | |
| Topical term or geographic name as entry element | Reliability (Engineering) |
| 9 (RLIN) | 6423 |
| 942 ## - ADDED ENTRY ELEMENTS (KOHA) | |
| Source of classification or shelving scheme | Dewey Decimal Classification |
| Item type | Book - Borrowing |
| Withdrawn status | Item status | Source of classification or shelving scheme | Damaged status | Not for loan | Vendor | Home library | Current library | Shelving location | Date acquired | Source of acquisition | Cost, normal purchase price | Total Checkouts | Full call number | Barcode | Date last seen | Date last borrowed | Koha item type |
|---|---|---|---|---|---|---|---|---|---|---|---|---|---|---|---|---|---|
| Dewey Decimal Classification | Alef-Baa | Central Library | Central Library | First floor | 18/06/2009 | 150.00 | 1 | 620.00452 CAR | 000016883 | 15/07/2025 | 06/03/2019 | Book - Borrowing |